MARC details
| 000 -CABECERA |
| campo de control de longitud fija |
01170nam a2200397 a 4500 |
| 001 - NÚMERO DE CONTROL |
| campo de control |
000108053 |
| 003 - IDENTIFICADOR DEL NÚMERO DE CONTROL |
| campo de control |
CHAP |
| 005 - FECHA Y HORA DE LA ÚLTIMA TRANSACCIÓN |
| campo de control |
20240515135506.0 |
| 008 - DATOS DE LONGITUD FIJA--INFORMACIÓN GENERAL |
| campo de control de longitud fija |
131202s2003 ck a |r| |||||||spa d |
| 010 ## - NÚMERO DE CONTROL DE LA BIBLIOTECA DEL CONGRESO |
| Número de control de LC |
104515 |
| 011 ## - ENLACE DEL NUMERO DE CONTROL DE LA BIBLIOTECA DEL CONGRESO [OBSOLETO] |
| Número de control de LC |
105487 |
| 020 ## - NÚMERO INTERNACIONAL ESTÁNDAR DEL LIBRO |
| Número Internacional Estándar del Libro |
9589608671 (obra completa) |
| 020 ## - NÚMERO INTERNACIONAL ESTÁNDAR DEL LIBRO |
| Número Internacional Estándar del Libro |
958-8203-04-X (Volumen 1 y 2) |
| 040 ## - FUENTE DE LA CATALOGACIÓN |
| Centro/agencia transcriptor |
CHAP |
| 082 04 - NÚMERO DE LA CLASIFICACIÓN DECIMAL DEWEY |
| Número de clasificación |
636.0883 |
| Número de documento/Ítem |
M29 2003 |
| 245 00 - MENCIÓN DE TÍTULO |
| Título |
Manual del ganadero actual / |
| Mención de responsabilidad, etc. |
editado por Grupo Latino Ltda. |
| 250 ## - MENCIÓN DE EDICIÓN |
| Mención de edición |
2 ed. |
| 260 ## - PUBLICACIÓN, DISTRIBUCIÓN, ETC. |
| Lugar de publicación, distribución, etc. |
Colombia : |
| Nombre del editor, distribuidor, etc. |
Grupo Latino Ltda., |
| Fecha de publicación, distribución, etc. |
[2003]. |
| 300 ## - DESCRIPCIÓN FÍSICA |
| Extensión |
3v. |
| Material acompañante/anejo |
+ CD ROM (4 3/4 plg.) |
| Otras características físicas |
il., gráfs. |
| 490 1# - MENCIÓN DE SERIE |
| Mención de serie |
Volvamos al campo |
| 590 ## - NOTA LOCAL (RLIN) |
| Nota local |
E11695DGD |
| Procedencia (VM) [OBSOLETO] |
10 |
| Condición del los carretes individuales (VM) [OBSOLETO] |
20131203 |
| 590 ## - NOTA LOCAL (RLIN) |
| Nota local |
E6096MTM |
| Procedencia (VM) [OBSOLETO] |
05 |
| Condición del los carretes individuales (VM) [OBSOLETO] |
20131202 |
| 590 ## - NOTA LOCAL (RLIN) |
| Nota local |
E6096MTM |
| Procedencia (VM) [OBSOLETO] |
05 |
| Condición del los carretes individuales (VM) [OBSOLETO] |
20131204 |
| 590 ## - NOTA LOCAL (RLIN) |
| Nota local |
E6096MTM |
| Procedencia (VM) [OBSOLETO] |
05 |
| Condición del los carretes individuales (VM) [OBSOLETO] |
20131204 |
| 590 ## - NOTA LOCAL (RLIN) |
| Nota local |
E6096MTM |
| Procedencia (VM) [OBSOLETO] |
05 |
| Condición del los carretes individuales (VM) [OBSOLETO] |
20131204 |
| 650 14 - PUNTO DE ACCESO ADICIONAL DE MATERIA--TÉRMINO DE MATERIA |
| Término de materia o nombre geográfico como elemento de entrada |
Ganadería |
| Subdivisión general |
Manuales. |
| 9 (RLIN) |
44821 |
| 650 14 - PUNTO DE ACCESO ADICIONAL DE MATERIA--TÉRMINO DE MATERIA |
| Término de materia o nombre geográfico como elemento de entrada |
Ganado de carne. |
| 9 (RLIN) |
45067 |
| 650 14 - PUNTO DE ACCESO ADICIONAL DE MATERIA--TÉRMINO DE MATERIA |
| Término de materia o nombre geográfico como elemento de entrada |
Ganado lechero. |
| 9 (RLIN) |
45237 |
| 650 14 - PUNTO DE ACCESO ADICIONAL DE MATERIA--TÉRMINO DE MATERIA |
| Término de materia o nombre geográfico como elemento de entrada |
Ganado vacuno. |
| 9 (RLIN) |
45425 |
| 650 14 - PUNTO DE ACCESO ADICIONAL DE MATERIA--TÉRMINO DE MATERIA |
| Término de materia o nombre geográfico como elemento de entrada |
Ganado |
| Subdivisión general |
Razas. |
| 9 (RLIN) |
44950 |
| 710 1# - PUNTO DE ACCESO ADICIONAL--NOMBRE DE ENTIDAD CORPORATIVA |
| Nombre de entidad corporativa o nombre de jurisdicción como elemento de entrada |
Grupo Latino LTDA |
| Término indicativo de función/relación |
ed. |
| 9 (RLIN) |
124834 |
| 830 #0 - PUNTO DE ACCESO ADICIONAL DE SERIE-TÍTULO UNIFORME |
| Título uniforme |
Volvamos al campo |
| 9 (RLIN) |
124898 |
| 901 ## - ELEMENTOS DE DATOS A LOCAL LDA (RLIN) |
| a |
BK |
| 942 ## - ELEMENTOS DE PUNTO DE ACCESO ADICIONAL (KOHA) |
| Tipo de ítem Koha |
Libro |
| Fuente del sistema de clasificación o colocación |
Dewey Decimal Classification |
| 942 ## - ELEMENTOS DE PUNTO DE ACCESO ADICIONAL (KOHA) |
| Suprimir en OPAC |
0 |
| Fuente del sistema de clasificación o colocación |
Dewey Decimal Classification |